000
00325pab a2200145 454500
008
180718b1987 xxu||||| |||| 00| 0 eng d
100
_a
Swaminadhan, Srilata
245
_a
Good money in famine relief
260
_c
1987
300
_a
6,35
362
_a
12 Sept.
650
_a
Drought
773
_a
Mainstream
909
_a
7416
999
_c
7416
_d
7416